Score 0/20 Timer 02:00
0 Plays Today
Clue 3-Letter Word % Correct
Honey-producing insect🎶 BEE 🎶
96%
___ JoviBON
95.2%
Make a holeDIG
94.3%
Movement of a dog's tailWAG
93.7%
The most common word in the English languageTHE
93.5%
An artificial covering of hair🎶 WIG 🎶
93.3%
Affleck or Stein, for exampleBEN
92.8%
X, in Roman numeralsTEN
92.5%
It is used to carry bought goodsBAG
92.4%
What a golf ball may be hit off ofTEE
92%
Clue 3-Letter Word % Correct
A weight equivalent to 2000 pounds (US)TON
89.7%
To prohibit an item or actionBAN
87.8%
Performed an actionDID
87.7%
A style of vehicle🎶 VAN 🎶
86.7%
From, in German namesVON
85.2%
AlsoTOO
83.2%
Unexploded fireworkDUD
82.3%
However, informally🎶 THO 🎶
81.7%
Alternate to Bitcoin🎶 VEN 🎶
44.6%
In the bible, one of Noah's grandsons🎶 LUD 🎶
44.3%

Today's Daily Dose

Remove Ads.
Support Sporcle.
Get the best of Sporcle when you Go Orange. This ad-free experience offers more features, more stats, and more fun while also helping to support Sporcle. Thank you for becoming a member.

You're not logged in!

Compare scores with friends on all Sporcle quizzes.
OR
Log In

Show Comments

Extras

Top Quizzes Today


Score Distribution

Your Account Isn't Verified!

In order to create a playlist on Sporcle, you need to verify the email address you used during registration. Go to your Sporcle Settings to finish the process.

Report this User

Report this user for behavior that violates our Community Guidelines.

Details: